Constellations A-Z - Statistics

General Stats
  • This quiz has been taken 35 times
  • The average score is 10 of 19
Answer Stats
Hint Answer % Correct
A Andromeda | Antlia | Apus | Aquarius | Aquila | Ara | Aries | Auriga
88%
L Lacerta | Leo | Leo Minor | Lepus | Libra | Lupus | Lynx | Lyra
88%
O Octans | Ophiuchus | Orion
88%
U Ursa Major | Ursa Minor
82%
C Caelum | Camelopardalis | Cancer | Canes Venatici | Canis Major | Canis Minor | Capricornus | Carina | Cassiopeia | Centaurus | Cepheus | Cetus | Chamaeleon | Circinus | Columba | Coma Berenices | Corona Australis | Corona Borealis | Corvus | Crater | Crux | Cygnus
76%
P Pavo | Pegasus | Perseus | Phoenix | Pictor | Pisces | Piscis Austrinus | Puppis | Pyxis
76%
S Sagitta | Sagittarius | Scorpius | Sculptor | Scutum | Serpens | Sextans
76%
T Taurus | Telescopium | Triangulum | Triangulum Australe | Tucana
76%
V Vela | Virgo | Volans | Vulpecula
71%
G Gemini | Grus
65%
H Hercules | Horologium | Hydra | Hydrus
47%
D Delphinus | Dorado | Draco
41%
E Equuleus | Eridanus
35%
B Boötes
29%
I Indus
29%
F Fornax
24%
M Mensa | Microscopium | Monoceros | Musca
18%
N Norma
18%
R Reticulum
18%
No matching quizzes found
Score Distribution
Percent of People with Each Score
Percentile by Number Answered
Your Score History
You have not taken this quiz